LEADER 03423nam 2200781z- 450 001 9910619464903321 005 20221025 010 $a3-0365-5256-1 035 $a(CKB)5670000000391625 035 $a(oapen)https://directory.doabooks.org/handle/20.500.12854/93218 035 $a(oapen)doab93218 035 $a(EXLCZ)995670000000391625 100 $a20202210d2022 |y 0 101 0 $aeng 135 $aurmn|---annan 181 $ctxt$2rdacontent 182 $cc$2rdamedia 183 $acr$2rdacarrier 200 00$aPersonalized Diagnosis and Therapy for Multiple Sclerosis 210 $cMDPI - Multidisciplinary Digital Publishing Institute$d2022 215 $a1 online resource (124 p.) 311 08$a3-0365-5255-3 330 $aWe all agree that people with MS need to be cared in a profoundly personalized way. The care of the patient with MS is still based on the presence of relapses, so their successful diagnosis and treatment is fundamental and will condition the therapeutic strategies to follow with the patient. The treatment strategies are a highly controversial topic of debate that is increasingly supported by robust objective biological markers of response and that also increasingly take into account the dynamics and predictors of cognitive impairment along the disease course, which includes the adoption of new trends in the field of machine learning techniques. However, we all know that patient care goes beyond being treated with drugs and we cannot overlook reminding patients of the importance of their lifestyle behaviors that vary according to the MS phenotype, in order to improve their quality of life. Teleconsultation is a new care strategy proved to be feasible and well-received by patients with MS that will undoubtedly become reinforced because it will allow a closer follow-up of the patient without the need for displacement. 606 $aPublic health and preventive medicine$2bicssc 610 $aartificial intelligence 610 $abiomarker 610 $aCD49d 610 $acognition 610 $acognitive impairment 610 $adigital health 610 $adiseases modifying therapies 610 $aearly intense therapy 610 $aescalating strategy 610 $aextended interval dose 610 $afeasibility 610 $ahe-DMT 610 $ahealth-related quality of life 610 $aimmunomonitoring 610 $ainternet 610 $alifestyle behavior 610 $alongitudinal 610 $amachine learning 610 $amethylprednisolone 610 $amood 610 $aMS management 610 $aMS phenotype 610 $amultiple sclerosis 610 $amultiple sclerosis treatment 610 $an/a 610 $anatalizumab 610 $aneuroimaging 610 $aneuromyelitis optica spectrum disorder 610 $apersonalized dose 610 $apredictors 610 $aprognosis 610 $apseudo-relapses 610 $aquality of life 610 $arelapse 610 $asVCAM-1 610 $ateleconsultation 610 $atreatment algorithm 615 7$aPublic health and preventive medicine 700 $aRamo-Tello$b Cristina M$4edt$01293873 702 $aRamo-Tello$b Cristina M$4oth 906 $aBOOK 912 $a9910619464903321 996 $aPersonalized Diagnosis and Therapy for Multiple Sclerosis$93022807 997 $aUNINA LEADER 03289nam 22006494a 450 001 9910967810603321 005 20251117114950.0 010 $a1-280-08597-5 010 $a9786610085972 010 $a0-585-46993-8 024 7 $a10.1596/0-1952-1601-6 035 $a(CKB)111087026784822 035 $a(SSID)ssj0000085712 035 $a(PQKBManifestationID)11988186 035 $a(PQKBTitleCode)TC0000085712 035 $a(PQKBWorkID)10025586 035 $a(PQKB)10490817 035 $a(MiAaPQ)EBC3050567 035 $a(Au-PeEL)EBL3050567 035 $a(CaPaEBR)ebr10038991 035 $a(CaONFJC)MIL8597 035 $a(OCoLC)495528153 035 $a(The World Bank)00026952 035 $a(US-djbf)11920797 035 $a(BIP)46122569 035 $a(BIP)6410458 035 $a(EXLCZ)99111087026784822 100 $a20000224d2000 uy 0 101 0 $aeng 135 $aurcn||||||||| 181 $ctxt$2rdacontent 182 $cc$2rdamedia 183 $acr$2rdacarrier 200 00$aCan anyone hear us? /$fDeepa Narayan ... [et al.] 205 $a1st ed. 210 $aNew York $cPublished by Oxford University Press for the World Bank$dc2000 215 $axi, 343 pages $cillustrations ;$d24 cm 225 1 $aVoices of the poor 300 $aBibliographic Level Mode of Issuance: Monograph 311 08$a0-19-521601-6 320 $aIncludes bibliographical references (p. 334-341). 327 $aIntro -- Contents -- Foreword -- Acknowledgments -- VOICES OF THE POOR -- Chapter 1 Listening to the Voices of the Poor -- Chapter 2 Definitions of Poverty -- Chapter 3 State Institutions -- Chapter 4 Civil Society Institutions -- Chapter 5 Changing Gender Relations in the Household -- Chapter 6 Social Fragmentation -- Chapter 7 Conclusions: The Way Forward -- APPENDIXES -- References -- Abbreviations and Acronyms -- Currencies. 330 $aA multi-country research initiative to understand poverty from the eyes of the poor, the "Voices of the Poor" project was undertaken to inform the World Bank's activities and the "World Development Report 2000/01." The research findings are published in three books: "Can Anyone Hear Us?" gathers the voices of over 40,000 poor women and men in 50 countries from the World Bank's participatory poverty assessments.; "Voices of the Poor" marks an exercise in many developing countries and transition economies around the world. It provides a detailed picture of the life of the poor and explains the constraints poor people face to escape from poverty in a way that more traditional survey techniques do not capture well. Each of the three volumes demonstrates the importance of voice and power in poor people's definition of poverty. "Voices of the Poor" concludes that we need to expand our conventional views of poverty which focus on income expenditure, education, and health to include measures of voice and empowerment. 410 0$aVoices of the poor. 606 $aPoverty 606 $aPoor 615 0$aPoverty. 615 0$aPoor. 676 $a362.5 701 $aNarayan-Parker$b Deepa$01465117 801 0$bMiAaPQ 801 1$bMiAaPQ 801 2$bMiAaPQ 906 $aBOOK 912 $a9910967810603321 996 $aCan anyone hear us$94476473 997 $aUNINA